Guess the Billie Eilish song (5) - Statistics

General Stats
  • This quiz has been taken 681 times
  • The average score is 90 of 156
Answer Stats
Answer % Correct
I
98%
I?
98%
a
94%
you
94%
You
94%
when
86%
the
85%
The
85%
do
79%
To
78%
to
78%
We
75%
we
75%
be
74%
Be
74%
it
73%
I'm
72%
my
72%
not
72%
go
70%
And
69%
don't
69%
what
69%
so
68%
in
63%
That
62%
are
61%
for
60%
like
60%
But
59%
wanna
59%
can't
58%
It's
58%
it's
58%
say
57%
they
57%
If
56%
dies
54%
dies"
54%
Everybody
54%
"Everybody
54%
everybody
54%
just
54%
why
54%
know
53%
some
53%
try
53%
alone
51%
get
51%
tell
51%
way
51%
will
51%
make
50%
surprise
50%
feel
49%
have
49%
each
48%
lies
48%
other
48%
think
48%
cry
46%
might
46%
time
46%
At
45%
maybe
45%
about
44%
one
44%
that's
44%
right
43%
sometimes
43%
you'd
43%
You'd
43%
couple
42%
find
42%
goes
42%
used
42%
years
42%
another
41%
hundred
41%
stay
41%
still
41%
wonder
41%
back
40%
okay
40%
fault
39%
They'll
39%
while
39%
world
39%
days
38%
lot
37%
life
36%
more
36%
alright
35%
least
35%
wrong
35%
child
34%
even
34%
sure
29%
unknown
29%
seeing
28%
knack
24%
fold
23%
oughta
20%
Everbody
3%
ir's
1%
wamma
1%
No matching quizzes found
Score Distribution
Percent of People with Each Score
Percentile by Number Answered
Your Score History
You have not taken this quiz